书目信息 |
| 题名: |
城镇不动产市场经济问题
|
|
| 作者: | 周诚 主编 | |
| 分册: | ||
| 出版信息: | 南京 南京出版社 1993 |
|
| 页数: | 283页 | |
| 开本: | 20cm | |
| 丛书名: | 不动产研究丛书 | |
| 单 册: | ||
| 中图分类: | F299.23 | |
| 科图分类: | 29.16042 | |
| 主题词: | 不动产-城镇-市场经济--研究--中国 , 市场经济-不动产-城镇--研究--中国 , 城镇-不动产-市场经济--研究--中国 | |
| 电子资源: | ||
| ISBN: | 7-80560-978-0 | |
| 000 | 00859nnam 2200277 45 | |
| 001 | 0196019590 | |
| 005 | 20070729094153.54 | |
| 010 | @a7-80560-978-0@dCNY8.00 | |
| 100 | @a19950715d1993 em y0chiy0121 ea | |
| 101 | 0 | @achi |
| 102 | @aCN@b320000 | |
| 105 | @ay z 000yy | |
| 200 | 10 | @a城镇不动产市场经济问题@ACHENG ZHEN BU DONG CHAN SHI CHANG JING JI WEN TI@f周 诚主编@FZHOU CHENG ZHU BIAN |
| 210 | @a南京@c南京出版社@d1993 | |
| 215 | @a283页@d20cm | |
| 225 | 2 | @a不动产研究丛书@v1 |
| 314 | @a周诚,中国人民大学土地管理系教授 | |
| 410 | 0 | @120010@a不动产研究丛书 |
| 606 | @a不动产-城镇-市场经济@x研究@y中国 | |
| 606 | @a市场经济-不动产-城镇@x研究@y中国 | |
| 606 | @a城镇-不动产-市场经济@x研究@y中国 | |
| 690 | @aF299.23 | |
| 692 | @a29.16042 | |
| 701 | 0 | @a周诚@AZHOU CHENG@4主编 |
| 801 | 0 | @aCN@bTSSF@c20070729 |
| 905 | @a10447@dF299.23@e686 | |
| 城镇不动产市场经济问题/周 诚主编.-南京:南京出版社,1993 |
| 283页;20cm.-(不动产研究丛书;1) |
| ISBN 7-80560-978-0:CNY8.00 |
| ● |
| 相关链接 |
|
|
|
|
正题名:城镇不动产市场经济问题
索取号:F299.23/686
 
预约/预借
| 序号 | 登录号 | 条形码 | 馆藏地/架位号 | 状态 | 备注 |
| 1 | 0783931 | 207839311 | 第一样本阅览室/ [索取号:F299.23/686] | 在馆 |